000 01402nam a22002297a 4500
003 BJBSDDR
005 20260226104427.0
007 ta
008 260226s2025 fr ||||| |||| 00| 0 fre d
020 _a9782708247918
020 _a2708247913
040 _bspa
_cBJBSDDR
041 _afre
050 _bB528 2025
100 1 _aBernier, Aurélien
_947216
245 1 0 _aQue faire de l'Union européenne ?
_cAurélien Bernier
260 _aParís :
_bÉditions de l'Atelier,
_c2025
300 _a153 pages ;
_c18 cm
520 _aIl y a vingt ans, le 29 mai 2005, les Français disaient « non » au Traité constitutionnel européen. Ce vote n'a eu aucun impact sur les grandes orientations de l'Union. De la crise financière de 2007 à la guerre en Ukraine, des plans d'austérité à l'épidémie de Covid ou la crise de l'énergie, celle-ci a poursuivi son œuvre néolibérale dans tous les domaines. S'il existe de nombreux essais qui ont décrit l'impasse des politiques néolibérales européennes, peu ont tenté de donner des perspectives concrètes et réalistes en l'état des rapports de force. C'est l'objectif de ce livre : montrer les véritables leviers qui existent encore pour sortir du carcan néolibéral européen et progresser vers une Europe sociale et écologique. Les marges de manœuvre sont étroites, mais bien réelles.
942 _2lcc
_n0
_cBK
946 _icmc
999 _c126466
_d126466